Endroits où on a vu des Ponéglyphes dans One Piece - Statistiques

Statistiques générales
  • Ce quiz a été pris 77 fois
  • Le résultat moyen est 7 sur 8
Statistiques - réponses
Endroits où on a vu des Ponéglyphes % Correct
Onigashima (Wano Kuni)
98%
Alubarna (Alabasta)
95%
Capitale des fleurs (Wano Kuni)
95%
Zou
93%
Shandora (Skypiea)
89%
Upper Yard (Skypiea)
89%
Whole Cake Island (Totto Land)
84%
Ile des Hommes-Poissons
81%
Aucun quiz correspondant
Distribution des résultats
% des personnes avec chaque résultat
Percentile par nombre de réponses
Votre historique - résultats
Vous n’avez pas pris ce quiz